Competing on analytics : (Record no. 21539)

MARC details
000 -LEADER
fixed length control field 00546nam a22001817a 4500
003 - CONTROL NUMBER IDENTIFIER
control field OSt
008 - FIXED-LENGTH DATA ELEMENTS--GENERAL INFORMATION
fixed length control field 260303b2017 |||||||| |||| 00| 0 eng d
020 ## - INTERNATIONAL STANDARD BOOK NUMBER
International Standard Book Number 9781633693722
082 ## - DEWEY DECIMAL CLASSIFICATION NUMBER
Classification number 658.4013
Item number DAV-C
100 ## - MAIN ENTRY--PERSONAL NAME
Personal name Davenport, Thomas H.
245 ## - TITLE STATEMENT
Title Competing on analytics :
Remainder of title updated with a new introduction /
Statement of responsibility, etc Thomas H. Davenport and Jeanne G. Harris
260 ## - PUBLICATION, DISTRIBUTION, ETC. (IMPRINT)
Place of publication, distribution, etc Boston :
Name of publisher, distributor, etc Harvard Business Review,
Date of publication, distribution, etc 2017.
300 ## - PHYSICAL DESCRIPTION
Extent / Pages ix, 295 p. ;
650 ## - SUBJECT ADDED ENTRY--TOPICAL TERM
Topical term or geographic name as entry element Business intelligence
650 ## - SUBJECT ADDED ENTRY--TOPICAL TERM
Topical term or geographic name as entry element Data mining
650 ## - SUBJECT ADDED ENTRY--TOPICAL TERM
Topical term or geographic name as entry element Competition
942 ## - ADDED ENTRY ELEMENTS (KOHA)
Source of classification or shelving scheme
Koha item type Books
Holdings
Withdrawn status Lost status Source of classification or shelving scheme Damaged status Not for loan Home library Current library Date acquired Source of acquisition Currency Cost, normal purchase price Full call number Barcode Date last seen Copy number Bill Date Koha item type Bill Number
          SOBD Library SOBD Library 17/02/2026 All India Book House INR 1399.00 658.4013 DAV-C1 008230 03/03/2026 1 17/02/2026 Reference Books NA/IN/1929
          SOBD Library SOBD Library 17/02/2026 All India Book House INR 1399.00 658.4013 DAV-C2 008231 03/03/2026 2 17/02/2026 Books NA/IN/1929
          SOBD Library SOBD Library 17/02/2026 All India Book House INR 1399.00 658.4013 DAV-C3 008232 03/03/2026 3 17/02/2026 Books NA/IN/1929
Hosted, Implemented, Customized & Maintained by: BestBookBuddies

Powered by Koha